000 00753nam a2200229Ia 4500
001 10080
003 GE_BSU
008 181216s||||||||xx |||||||||||||| ||und||
040 _cGE_BSU
080 _a82-93
100 _aპარკაძე,გრიგოლ
245 _aსოსანას ნაამბობი.
245 _bმოთხრობები
245 _cრედ.ნ.კალანდარიშვილი.მხატვ.თ.მაცაბერიძე
260 _aთბილისი
260 _bსაბლიტგამი
260 _c1959
300 _a88გვ.15სმ.
653 _aმოთხრობები
653 _aსოსანას ნაამბობი.
942 _cBK
999 _c43352
_d43352